000 004300000a22001690004500
003 MACL
005 20151229170445.0
008 151229b xxu||||| |||| 00| 0 eng d
040 _aMACL
_cMACL
041 _aEnglish
082 _a236.1/BEN
100 _aBenson, Arthur Christopher
_924349
245 _aThe Gate of Death
_bA Diary
260 _bSmith Elder & Co
_c1909
650 _aReligion
_924350
942 _cBK
_k236.1/BEN
_2ddc
999 _c37924
_d37924